| 000 | 00000nam##2200000za#4500 |
| 001 | 9.697318 |
| 003 | CaOODSP |
| 005 | 20210624235427 |
| 007 | cr ||||||||||| |
| 008 | 150407|2007||||xxc|||||o f|0| 0 eng|d |
| 040 | |aCaOODSP|beng |
| 043 | |an-cn--- |
| 086 | 1 |aPS64-106/2007E-PDF |
| 110 | 1 |aCanada.|bCriminal Intelligence Service Canada. |
| 245 | 10|aCriminal Intelligence Service Canada, integrated threat assessment methodology, version 1.0 |h[electronic resource] |
| 260 | |aOttawa - Ontario : |bCriminal Intelligence Service Canada |cc2007. |
| 300 | |a29p.|bfigs., graphs, references, table |
| 590 | |a13-03-Supp|b2013-02-11 |
| 775 | 08|tService canadien de renseignements criminels, méthodologie d'évaluation intégrée des menaces, version 1.0 |w(CaOODSP)9.641378 |
| 856 | 40|ahttp://publications.gc.ca|qPDF|s183 KB|uhttps://publications.gc.ca/collections/collection_2013/sp-ps/PS64-106-2007-eng.pdf |